Statistiques concernant Culture Manga #3

Cliquez ici pour prendre le quiz!

Statistiques générales

  • Ce quiz a été pris 192 fois
    (152 depuis la dernière actualisation)
  • Le résultat moyen est 8 sur 15

Statistiques - réponses

QuestionRéponse% Correct
Lequel de ces mangas n'a pas une héroïne en protagoniste ?Assassination Classroom
87%
Quel Titan n'existe pas ?Titan Guerrier
87%
Quel alter possède Bakugo ?Explosion
78%
Quel pilier est Tengen Uzui dans Demon Slayer ?Pilier du Son
72%
Quel personnage n'existe pas dans Dr.Stone ?Genryusai
63%
Lequel de ces mangas ne racontes pas l'histoire de frères ?Black Clover
58%
Lequel de ces mangas n'est pas sorti dans les années 2000 - 2010 ?Yuyu Hakusho
56%
Que n'est pas Ichigo Kurosaki ?Arrancar
46%
Qui dit "Règle numéro une : je n'ai jamais tort, règle numéro deux : si j'ai tort... souviens toi de la règle numéro une" ?L
43%
Qui possède le Bijû "Son Gokû" dans Naruto ?Rôshi
43%
Dans quel manga ne voit-on pas de ninjas ?Sidooh
43%
Lequel de ces Ghiblis se rapproche le plus d'un disney ?Ponyo sur la falaise
39%
Quel fruit du démon est mangé par Dolfamingo ?Ito Ito no Mi
37%
Qui fut le premier à découvrir l'identité de Conan Edogawa, à son insus ? (donc hors famille et le professeur)Heiji Hattori
21%
Lequel de ces mangas n'est pas un shojo ?Horimiya
21%

Distribution des résultats

Percentile par nombre de réponses

% des personnes avec chaque résultat

Votre développement - résultats

Vous n’avez pas pris ce quiz depuis la dernière actualisation